| 000 | 01140cam a22002771i 4500 | ||
|---|---|---|---|
| 003 | SA-RiAUC | ||
| 005 | 20250926162852.0 | ||
| 008 | 250921s1987 le g b 00110 ara c | ||
| 040 |
_aSA-AhKFU _bara _cSA-RiAUC _erda |
||
| 082 | 0 | 4 |
_a243 _qSA-RiAUC |
| 090 |
_a243 _bا ب و د |
||
| 100 | 1 |
_aأبو داود، سليمان بن الأشعث بن إسحاق، _d202-275 هجري _eمؤلف. |
|
| 245 | 1 | 2 |
_aالبعث / _cالحافظ أبي بكر عبد الله بن داوود السجستاني ؛ تحقيق محمد السعيد بن بسيوني زغلول. |
| 250 | _aالطبعة الأولى. | ||
| 264 | 1 |
_aبيروت : _bدار الكتب العلمية، _c1987. |
|
| 300 |
_a96 صفحة ؛ _c24 سم |
||
| 336 |
_aنص _btxt _2rdacontent _3كتاب |
||
| 337 |
_aبدون وسيط _bn _2rdamedia |
||
| 338 |
_aمجلد _bnc _2rdacarrier |
||
| 500 | _aكشافات : صفحة 69-96. | ||
| 504 | _aببليوجرافيا. | ||
| 650 | 7 |
_aالبعث (إسلام) _2aucsh |
|
| 700 | 1 |
_aزغلول، محمد السعيد بن بسيوني _eمحقق. |
|
| 942 |
_2ddc _cBOOK _n0 |
||
| 949 |
_aSA-JeALM _d250921 _umohamedma123 _n1 |
||
| 999 |
_c12118 _d12118 |
||